[Event "Arvier Amatori op 6th"]
[Site "Arvier"]
[Date "2016.01.06"]
[Round "5"]
[White "Albonico, Carlo"]
[Black "Tedesco, Fernando"]
[Result "1/2-1/2"]
[WhiteElo "1614"]
[BlackElo "1755"]
[PlyCount "74"]
[EventDate "2016.01.03"]
[EventType "swiss"]
[EventRounds "5"]
[EventCountry "ITA"]
[SourceTitle "EXT 2017"]
[Source "ChessBase"]
[SourceDate "2016.10.25"]
[SourceVersion "1"]
[SourceVersionDate "2016.10.25"]
[SourceQuality "1"]

1. e4 e6 2. d4 d5 3. e5 Ne7 4. Nf3 Ng6 5. Bd3 Be7 6. Nc3 0-0 7. 0-0 a6 8. a3 Nd7 9. b4 c6 10. Ne2 f5 11. Nf4 Nxf4 12. Bxf4 Rf7 13. Qd2 Nf8 14. Be2 Ng6 15. Bg5 Rf8 16. Bxe7 Qxe7 17. Bd3 Bd7 18. Ng5 h6 19. Nh3 Be8 20. Nf4 Qg5 21. g3 Nxf4 22. Qxf4 Qxf4 23. gxf4 Kf7 24. h4 h5 25. Kh2 Ke7 26. Rg1 g6 27. Kg3 Kd7 28. Kf3 Bf7 29. Ke3 Rg8 30. Rac1 b5 31. c3 Kc7 32. Bc2 a5 33. Ra1 a4 34. Rg3 Kd7 35. Rag1 Ke7 36. Bd1 Rac8 37. Be2 Rh8 1/2-1/2